| 000 | 01008cam a22002535a 4500 | ||
|---|---|---|---|
| 999 |
_c26857 _d26829 |
||
| 005 | 20181017105233.0 | ||
| 008 | 120912t2012 enka frb 001 0 eng d | ||
| 020 | _a9780199945962 | ||
| 040 |
_aStDuBDS _beng _cStDuBDS _dUk _dEG-ScBUE _dEG-ScBUE |
||
| 082 | 0 | 4 |
_a304.6 _bPOL _222 |
| 245 | 0 | 0 |
_aPolitical demography : _bhow population changes are reshaping international security and national politics / _cedited by Jack A. Goldstone, Eric P. Kaufmann, Monica Duffy Toft. |
| 260 |
_aNew York ; _aOxford : _bOxford University Press, _cc.2012. |
||
| 300 |
_avi, 336 p. : _bill. ; _c24 cm. |
||
| 504 | _aIncludes bibliographical references and index. | ||
| 650 | 7 |
_aPolitical geography. _2BUEsh _96694 |
|
| 650 | 7 |
_aDemography _xPolitical aspects. _2BUEsh |
|
| 651 | _2BUEsh | ||
| 653 |
_bBUSBOL _cSeptember2018 _cOctober2018 |
||
| 690 | 7 |
_aSocial Welfare _2blcoll |
|
| 700 | 1 |
_aGoldstone, Jack A., _teditor. |
|
| 700 | 1 |
_aKauffman, Eric P., _teditor. |
|
| 700 | 1 |
_aToft, Monica Duffy, _d1965- _teditor. |
|
| 942 | _2ddc | ||